Najpopularniejsze seriale XXI wieku - Statystyki

Ogólne statystyki
  • Ten quiz został rozwiązany 2 939 razy
  • Średni wynik to 10 z 16
Statystyki odpowiedzi
Opis Odpowiedź % Poprawnych
Netflix, od 2017 roku. Obecnie najpopularniejszy serial hiszpański na świecie. Produkcja opowiada o grupie 8 przestępców o różnych umiejętnościach, zebranych przez tajemniczego człowieka o pseudonimie "Profesor", której celem jest skok na hiszpańską mennicę narodową. La Casa De Papel
91%
Postapokaliptyczny serial stacji AMC. Opowiada o grupie ludzi, którzy starają się przeżyć w świecie opanowanym przez zombie, doczekał się już 9 sezonów i póki co końca nie widać. The Walking Dead
89%
Nieoczekiwany hit Netflixa. Życie młodocianych "nerdów" z Hawkins wywraca się o 180 stopni, gdy ich przyjaciel znika w niewyjaśnionych okolicznościach oraz natrafiają na dziewczynkę władającą nadprzyrodzonymi mocami, której nadają imię Eleven (Jedenastka). Stranger Things
87%
Produkcja przedstawia świetną historię Waltera White'a, niedocenianego nauczyciela chemii, który dowiaduje się, że cierpi na nieoperacyjnego raka płuc, w związku z czym postanawia zacząć przestępczą karierę, by zapewnić byt rodzinie po swojej śmierci. Wraz ze swoim byłym uczniem Jessem Pinkmanem zaczyna więc produkować i sprzedawać metaamfetaminę. Breaking Bad
83%
Produkowany przez HBO od 2011-2019 roku, posiada 8 sezonów. Obfituje w seksualne i polityczne intrygi, a akcja dzieje się w krainie Westeros, na której o panowanie walczy kilka szlacheckich rodzin. Game of Thrones
71%
Serial przedstawia opartą na faktach historię kolumbijskich baronów narkotykowych z końca lat 80', w szczególności Pablo Escobara, oraz wysiłki stróżów prawa, które mają na celu rozpracowanie zarządzanych przez nich karteli. Narcos
71%
Bohaterem serialu jest Michael Scofield - młody, niezwykle utalentowany inżynier, którego brat Lincoln Burrows został skazany na karę śmierci. Do wykonania wyroku w więzieniu stanowym Fox River pozostało już tylko trzy tygodnie. Scofield przekonany o jego niewinności podejmuje brawurową próbę ratowania jego życia. Prison Break
62%
Wyjątkowo udana irlandzko-kanadyjska produkcja zrealizowana przez Michaela Hirsta dla kanadyjskiej stacji History to opowieść o tytułowych skandynawskich wojownikach. The Vikings
62%
Jeden z najbardziej uznanych współczesnych seriali BBC, którego akcja toczy się w latach 20' XX wieku, niedługo po zakończeniu I wojny światowej. Głównym bohaterem jest Thomas Shelby, który dowodzi tytułowym gangiem działającym na terenie Birmingham. Peaky Blinders
59%
Chodzący o lasce i uzależniony od Vicodinu genialny diagnosta powstał z inspiracji postacią Sherlocka Holmesa. W tym przypadku cechy detektywa zostały przeniesione na płaszczyznę medyczną, dlatego wraz ze swoim zespołem zajmuje się beznadziejnymi przypadkami, stosując metody, na które nikt inny nie byłby w stanie się zdobyć. Dr House
58%
Opowiada o grupie różnorodnych kobiet przebywających w więzieniu o złagodzonym rygorze w Litchfield, to jeden z pierwszych seriali Netflixa, który zadebiutował w serwisie w 2013 roku. Orange Is The New Black
57%
2004-2010. Serial przedstawia losy rozbitków, którzy przeżyli katastrofę samolotu linii Oceanic Airlines lecącego z Sydney do Los Angeles. Choć z pozoru nic ich ze sobą nie łączyło, z każdym odcinkiem wychodziły na jaw sekrety poszczególnych postaci, wskazujące na to, że tytuł serialu nie odnosi się jedynie do ich zaginięcia na wyspie. The Lost
49%
Zadebiutował w 2011 roku, niedługo po tym zgłosił się po niego Netflix. Odcinki serialu ukazują efekty uboczne wszechobecnych nowych technologii w otaczającym nas świecie. Black Mirror
43%
Pierwszy oryginalny serial Netflixa, doczekał się 6 sezonów. Ukazuje pogmatwaną drogę do władzy Franka Underwooda i jego równie bezwzględnej żony, Claire. House of Cards
40%
HBO, od 2016 roku. Akcja serialu, będącego nową wersją filmu "Świat Dzikiego Zachodu" z 1973 roku, toczy się w futurystycznym parku rozrywki, w którym goście mogli czerpać rozrywkę z zabijania i gwałcenia przygotowanych w tym celu hostów. Westworld
24%
HBO, od 2002-2008 roku. Amerykański serial kryminalny, którego akcja toczy się w Baltimore, opowiadający o pracy tamtejszych policjantów zmagających się z różnymi problemami toczącymi się w mieście. The Wire
13%
Nie znaleziono quizów pasujących do podanych kryteriów
Rozkład punktacji
Procent ludzi z każdym wynikiem
Percentyl według liczby udzielonych odpowiedzi
Twoja historia wyników
Nie rozwiązałeś tego quizu